| 000 | 00593nam a2200181 4500 | ||
|---|---|---|---|
| 001 | 137890 | ||
| 003 | ES-MaACL | ||
| 005 | 20250702063101.0 | ||
| 007 | t| | ||
| 008 | 070214s1907 sp r ||||1| spa d | ||
| 100 | 1 |
_aSalvá, Anselmo, _d1849-1922 _9102053 |
|
| 245 | 1 | 0 |
_aPáginas histórico-burgalesas _b: los Fueros, las Hermandades, la Inquisición / _cAnselmo Salvá. |
| 260 |
_aBurgos : _b[s. n.], _c1907 ( _fTip. de El Monte Carmelo) |
||
| 300 |
_aVI, 181 p. ; _c18 x 11 cm. |
||
| 651 | 4 |
_aBurgos- _xHistoria. _9146577 |
|
| 852 |
_aES-MaACL _jD-1392 |
||
| 999 |
_c137890 _d137890 |
||